ნორმალური ფორმატი
MARC ფორმატი
ჩანაწერი Topical Term
ჩანაწერთა რაოდენობა, რომელიც გამოყენებულია: 1
001 - CONTROL NUMBER
- control field: 8975
003 - CONTROL NUMBER IDENTIFIER
- control field: GE_BSU
005 - DATE AND TIME OF LATEST TRANSACTION
- control field: 20200702111942.0
008 - FIXED-LENGTH DATA ELEMENTS
- fixed length control field: 200702|| aca||aabn | a|a d
040 ## - CATALOGING SOURCE
- Original cataloging agency: GE_BSU
- Transcribing agency: GE_BSU
150 ## - HEADING--TOPICAL TERM
- Topical term or geographic name entry element: Antennas (Electronics)
670 ## - SOURCE DATA FOUND
- Source citation: Work cat.: (GE_BSU)0: Harish, A. R. 8973, Antennas and wave propagation /, 2007.
